Normal view
MARC view
- strength of materials through problems
Entry Topical Term
001 - CONTROL NUMBER
- control field: 40904
003 - CONTROL NUMBER IDENTIFIER
- control field: NUST
005 - DATE AND TIME OF LATEST TRANSACTION
- control field: 20210314131920.0
008 - FIXED-LENGTH DATA ELEMENTS
- fixed length control field: 210314|| aca||aabn | a|a d
040 ## - CATALOGING SOURCE
- Original cataloging agency: NUST
- Transcribing agency: NUST
150 ## - HEADING--TOPICAL TERM
- Topical term or geographic name entry element: strength of materials through problems
670 ## - SOURCE DATA FOUND
- Source citation: Work cat.: (NUST): Sarkar .b.k 40903, strength of materials through problems, c1997.
